| 000 | 00671nam a2200217Ia 4500 | ||
|---|---|---|---|
| 003 | OSt | ||
| 005 | 20251127142454.0 | ||
| 008 | 210719s2007 xx 000 0 und d | ||
| 040 | _cAL | ||
| 041 | _aKannada | ||
| 082 | _aK894.8 JANP | ||
| 100 |
_aJANAKI (A) _dಜಾನಕಿ (ಎ) _9246996 |
||
| 245 |
_aPremachandara kathegalu:Samputa 5 _bಪ್ರೇಮಚಂದರ ಕಥೆಗಳು ಸಂಪುಟ ೫ |
||
| 260 |
_aMaisuru _bBharati Prakashana _c2007 |
||
| 300 |
_a224 _bPB |
||
| 365 |
_b125 _cRs |
||
| 650 |
_aKannada Collections _9246997 |
||
| 650 |
_aKannada Miscellaneous _9246998 |
||
| 906 | _a5 ; kategalu ; Premachandara ; Samputa | ||
| 942 |
_2ddc _cBK |
||
| 999 |
_c215024 _d215024 |
||